Health and nutrition education / (Record no. 65776)

MARC details
000 -LEADER
fixed length control field 00430nam a22001457a 4500
005 - DATE AND TIME OF LATEST TRANSACTION
control field 20180721135802.0
020 ## - INTERNATIONAL STANDARD BOOK NUMBER
Terms of availability 700.00
International Standard Book Number 8176488879
035 ## - SYSTEM CONTROL NUMBER
System control number B-158679, B-158678
037 ## - SOURCE OF ACQUISITION
Stock number DPL
Source of stock number/acquisition ENG
100 ## - MAIN ENTRY--PERSONAL NAME
Personal name Mishra, R.C.
245 ## - TITLE STATEMENT
Title Health and nutrition education /
Statement of responsibility, etc by R.C. Mishra
260 ## - PUBLICATION, DISTRIBUTION, ETC. (IMPRINT)
Place of publication, distribution, etc New Delhi
Name of publisher, distributor, etc A.P.H. Publishing Corporation
Date of publication, distribution, etc 2005
300 ## - PHYSICAL DESCRIPTION
Extent xii, 308p.
Dimensions 20 cms.
942 ## - ADDED ENTRY ELEMENTS (KOHA)
Source of classification or shelving scheme Dewey Decimal Classification
Item type English Books
Classification part 322.37
Call number suffix MIS
Holdings
Withdrawn status Lost status Not for loan Collection code Home library Current library Date acquired Cost, normal purchase price Full call number Barcode Cost, replacement price Koha item type Source of acquisition
      Non-fiction Patel Nagar Patel Nagar 21/07/2018 700.00 322.37 MIS B-158678 700.00 English Books BPPD/PUB
      Non-fiction Sarojini Nagar Sarojini Nagar 28/04/2012 0.00 322.37 MIS B-158679 0.00 English Books  

© Delhi Public Library
Hit Counter
free hit counter